Alternative roles of consumer confidence in forecasting consumption: evidence from European countries
Použitie prediktívnej sily indikátora spotrebiteľského sentimentu na prognózovanie výdavkov na spotrebu. Návrh na rozlišovanie dvoch faktorov, ktoré ovplyvňujú míňanie: príjem a sila dôvery.
Na minha lista:
| Autor principal: | |
|---|---|
| Formato: | Capítulo de Livro |
| Idioma: | inglês |
| Assuntos: | |
| Tags: |
Sem tags, seja o primeiro a adicionar uma tag!
|
MARC
| LEADER | 00000naa a2200000 4500 | ||
|---|---|---|---|
| 001 | 0230239 | ||
| 005 | 20231204091950.1 | ||
| 041 | 0 | |a eng | |
| 044 | |a CZ | ||
| 245 | 1 | 0 | |a Alternative roles of consumer confidence in forecasting consumption: evidence from European countries |c Jana Závacká |
| 520 | |a Použitie prediktívnej sily indikátora spotrebiteľského sentimentu na prognózovanie výdavkov na spotrebu. Návrh na rozlišovanie dvoch faktorov, ktoré ovplyvňujú míňanie: príjem a sila dôvery. | ||
| 610 | 2 | 0 | |a spotrebitelia |
| 610 | 2 | 0 | |a príjmy |
| 610 | 2 | 0 | |a predvídanie vedecké |
| 610 | 2 | 0 | |a správanie spotrebiteľa |
| 100 | 1 | |a Závacká, Jana | |